000 00767nam a2200181 4500
999 _c372153
_d372153
008 201207b ||||| |||| 00| 0 eng d
040 _bger
_cDE-2950
_erda
_aDE-2950
041 _ager
245 _a"Befreiung von der Erdenschwer". Die Fotografin Marie Goslich /
_cKrystina Kaufmann
264 _c2022
490 _aDie Mark Brandenburg
_vAusgabe 127/ Dezember 2022. Frauen in Brandenburg
653 _aGoslich, Marie; Erzieherin, Journalistin, Fotografin, Malerin, 1859 in Frankfurt (Oder) - 1938 in Meseritz-Obrawalde
773 _dBerlin: Die Mark Brandenburg - Verlag für Regional- und Zeitgeschichte
_g(2022), Ausgabe 127. Dezember 2022, S. 22-25
_tDie Mark Brandenburg
942 _cA